Đổi mới cơ chế tài chính tại Đại học Quốc gia Hà Nội: thực tiễn triển khai và một số đánh giá ban đầu /

Salvato in:
Dettagli Bibliografici
Autore principale: Nguyễn Thị Hương.
Natura: Articolo
Lingua:Vietnamese
Soggetti:
Tags: Aggiungi Tag
Nessun Tag, puoi essere il primo ad aggiungerne! !
Thư viện lưu trữ: Thư viện Trường Đại học Đà Lạt
LEADER 00880nam a2200265 4500
001 DLU140166735
005 ##20141230
040 # # |a DLU  |b vie 
041 # # |a vie 
044 # # |a vn 
100 # # |a Nguyễn Thị Hương. 
245 # # |a Đổi mới cơ chế tài chính tại Đại học Quốc gia Hà Nội: thực tiễn triển khai và một số đánh giá ban đầu /  |c Nguyễn Thị Hương. 
653 # # |a Đại học Quốc gia Hà Nội 
653 # # |a Cơ chế tài chính 
653 # # |a Quản lý tài chính 
773 # # |t Nghiên cứu Kinh tế  |g Số 9(424), 2013, tr.54-57 
920 # # |a Phòng Tạp chí -- Trung tâm Thông tin - Thư viện Trường Đại học Đà Lạt 
994 # # |a DLU 
900 # # |a True 
911 # # |a Trần Thị Minh Hương 
925 # # |a G 
926 # # |a A 
927 # # |a BB 
980 # # |a Thư viện Trường Đại học Đà Lạt